Statistiken für äußere Struktur des menschlichen Körpers deutsch>latein

Klicken Sie hier um das Quiz zu spielen!

Allgemein

  • Dieses Quiz wurde 40 mal gespielt
  • Das Durchschnittsergebnis liegt bei 8 aus 16

Antwortstatistiken

deutschlatein% Korrekt
Handmanus
73%
Kniescheibepatella
73%
Kopfcaput
65%
Fußpes
62%
Bauchabdomen
59%
Brustkorbthorax
59%
Schienbeintibia
57%
Elleulna
57%
Oberschenkelfemur
54%
Wadenbeinfibula
54%
Speicheradius
51%
Oberarmhumerus
49%
Beckenpelvis
41%
Halscollum
32%
Unterschenkelcrus
27%
Rumpftruncus
24%

Verteilung der Resultate

Perzentil nach korrekt beantworteten Fragen

Anzahl Personen mit jedem Resultat

Ihre Resultats-Entwicklung

Sie haben dieses Quiz noch nicht gespielt